[Event "HUN-ch Rapid"]
[Site "Ajka"]
[Date "2021.07.17"]
[Round "9"]
[White "Terbe, Julianna"]
[Black "Szilagyi, Norbert"]
[Result "1-0"]
[WhiteElo "2305"]
[BlackElo "2077"]
[PlyCount "69"]
[EventDate "2021.07.16"]
[EventType "swiss (rapid)"]
[EventRounds "13"]
[EventCountry "HUN"]
[SourceTitle "CBM 203 Extra"]
[Source "ChessBase"]
[SourceDate "2021.09.30"]
[SourceVersion "1"]
[SourceVersionDate "2021.09.30"]
[SourceQuality "1"]

1. d4 e6 2. Nf3 f5 3. g3 b6 4. Bg2 Bb7 5. 0-0 Nf6 6. c4 Be7 7. Nc3 0-0 8. d5 Qc8 9. Nd4 a5 10. e4 fxe4 11. Nxe4 exd5 12. Nxf6+ Bxf6 13. cxd5 Na6 14. Bf4 Nc5 15. b3 Ba6 16. Re1 Nd3 17. Re4 Re8 18. Be3 Nc5 19. Rxe8+ Qxe8 20. Rc1 Rc8 21. a3 Qg6 22. b4 Nd3 23. Rb1 axb4 24. axb4 Bc4 25. b5 Nc5 26. Rb4 Bd3 27. Ne2 Bf5 28. Nf4 Qe8 29. d6 c6 30. bxc6 dxc6 31. Rxb6 Ra8 32. Bxc6 Qd8 33. Bxa8 Qxb6 34. Qd5+ Ne6 35. Bxb6 1-0

[Event "HUN-ch U16"]
[Site "Balatonlelle"]
[Date "2019.06.24"]
[Round "5"]
[White "Szilagyi, Norbert"]
[Black "Follardt, Lorinc"]
[Result "1-0"]
[WhiteElo "2093"]
[BlackElo "1913"]
[PlyCount "77"]
[EventDate "2019.06.21"]
[EventType "swiss"]
[EventRounds "9"]
[EventCountry "HUN"]
[SourceTitle "CBM 191 Extra"]
[Source "ChessBase"]
[SourceDate "2019.09.30"]
[SourceVersion "1"]
[SourceVersionDate "2019.09.30"]
[SourceQuality "1"]

1. e4 c5 2. Nf3 Nc6 3. Bb5 e6 4. 0-0 Nge7 5. Re1 a6 6. Bf1 d5 7. Nc3 d4 8. Ne2 Ng6 9. d3 Bd6 10. g3 0-0 11. Bg2 f5 12. exf5 exf5 13. Bg5 Qc7 14. c3 f4 15. cxd4 fxg3 16. Nxg3 Bg4 17. Be3 Bxf3 18. Bxf3 cxd4 19. Bd2 Qf7 20. Bg2 Qxf2+ 21. Kh1 Nf4 22. Bxf4 Qxf4 23. Qh5 Ne5 24. Re4 Qf7 25. Rxe5 Bxe5 26. Qxe5 Qf6 27. Qd5+ Kh8 28. Ne4 Qb6 29. b3 Rad8 30. Qh5 h6 31. Re1 Qe6 32. Qh4 Qg6 33. Nc5 Rd6 34. Qe7 Rdf6 35. Nd7 Rf2 36. Qe4 Qxe4 37. Bxe4 Rd8 38. Ne5 Rxa2 39. Nf7+ 1-0

[Event "HUN-ch U16"]
[Site "Balatonlelle"]
[Date "2019.06.23"]
[Round "3"]
[White "Szilagyi, Norbert"]
[Black "Erseki, Aron"]
[Result "1/2-1/2"]
[WhiteElo "2093"]
[BlackElo "1854"]
[PlyCount "82"]
[EventDate "2019.06.21"]
[EventType "swiss"]
[EventRounds "9"]
[EventCountry "HUN"]
[SourceTitle "CBM 191 Extra"]
[Source "ChessBase"]
[SourceDate "2019.09.30"]
[SourceVersion "1"]
[SourceVersionDate "2019.09.30"]
[SourceQuality "1"]

1. e4 c5 2. Nf3 d6 3. d4 cxd4 4. Qxd4 Nc6 5. Bb5 Bd7 6. Bxc6 bxc6 7. c4 Nf6 8. Nc3 e5 9. Qd3 Be7 10. 0-0 h6 11. c5 Bg4 12. Rd1 Bxf3 13. Qxf3 Qc7 14. cxd6 Bxd6 15. Qg3 g5 16. Qf3 Ke7 17. Be3 g4 18. Qf5 Rag8 19. Rac1 a6 20. Nd5+ Nxd5 21. exd5 c5 22. Bxc5 Rg5 23. Bxd6+ Qxd6 24. Qd3 Rd8 25. Qb3 Rb8 26. Qa4 Rb6 27. Rc8 Rg6 28. a3 Kf6 29. Rc6 Rxc6 30. dxc6 Qc5 31. b4 Qc4 32. c7 Kg7 33. Qa5 Re6 34. a4 Qc3 35. Qd5 Qxc7 36. b5 axb5 37. axb5 Qc2 38. g3 Rf6 39. Rd2 Qc1+ 40. Kg2 Qc3 41. Qa2 Qb4 1/2-1/2

[Event "HUN-chT2 Maroczy 1819"]
[Site "Hungary"]
[Date "2019.03.10"]
[Round "9.10"]
[White "Gyurkovics, Miklos"]
[Black "Szilagyi, Norbert"]
[Result "0-1"]
[WhiteElo "2089"]
[BlackElo "2058"]
[PlyCount "80"]
[EventDate "2018.09.23"]
[EventType "team-tourn"]
[EventRounds "11"]
[EventCountry "HUN"]
[SourceTitle "EXT 2020"]
[Source "ChessBase"]
[SourceDate "2019.10.17"]
[SourceVersion "1"]
[SourceVersionDate "2019.10.17"]
[SourceQuality "1"]
[WhiteTeam "Budapest Vasas"]
[BlackTeam "Debrecen Kwizda"]
[WhiteTeamCountry "HUN"]
[BlackTeamCountry "HUN"]

1. g3 d5 2. Bg2 Nf6 3. d3 c6 4. Nd2 Bg4 5. h3 Bh5 6. g4 Bg6 7. f4 e6 8. e4 h6 9. Qf3 Bc5 10. Ne2 0-0 11. Ng3 Nfd7 12. h4 f6 13. Nb3 Bd6 14. Be3 Qe7 15. 0-0-0 Na6 16. h5 Bh7 17. Kb1 Rae8 18. Rhe1 Qd8 19. Qf2 Qc7 20. exd5 cxd5 21. Nd4 Bc5 22. Nxe6 Rxe6 23. Bxd5 Kh8 24. Bxe6 Bb4 25. Re2 Ndc5 26. f5 Qc6 27. Bd4 Ba5 28. g5 hxg5 29. h6 Nxe6 30. Rxe6 Qd5 31. Nh5 gxh6 32. Rxf6 Kg8 33. c4 Qd8 34. a3 Bc7 35. Re1 Bb6 36. Bxb6 axb6 37. Rxf8+ Kxf8 38. Qxb6 Qxb6 39. Re6 Qg1+ 40. Ka2 Bg8 0-1

[Event "HUN-chT2 Maroczy 1819"]
[Site "Hungary"]
[Date "2018.10.28"]
[Round "3.10"]
[White "Szilagyi, Norbert"]
[Black "Karacsonyi, Kata"]
[Result "1-0"]
[WhiteElo "2058"]
[BlackElo "1865"]
[PlyCount "49"]
[EventDate "2018.09.23"]
[EventType "team-tourn"]
[EventRounds "11"]
[EventCountry "HUN"]
[SourceTitle "EXT 2020"]
[Source "ChessBase"]
[SourceDate "2019.10.17"]
[SourceVersion "1"]
[SourceVersionDate "2019.10.17"]
[SourceQuality "1"]
[WhiteTeam "Debrecen Kwizda"]
[BlackTeam "Kobanya Aquarena II"]
[WhiteTeamCountry "HUN"]
[BlackTeamCountry "HUN"]

1. e4 c5 2. Nf3 d6 3. d4 cxd4 4. Nxd4 Nf6 5. f3 e5 6. Nb3 a5 7. Be3 Be6 8. c4 Qc7 9. Na3 a4 10. Nd2 Nc6 11. Nb5 Qa5 12. Be2 Be7 13. 0-0 0-0 14. Rc1 b6 15. Nb1 Rfd8 16. Bd2 Qa6 17. Nc7 Qb7 18. Nxa8 Rxa8 19. Na3 Nd7 20. Nb5 Nc5 21. Be3 Qd7 22. Qd2 Na7 23. Nc3 f5 24. exf5 Bxf5 25. Qd5+ 1-0

[Event "EU Union-ch U14 16th"]
[Site "Mureck"]
[Date "2018.08.07"]
[Round "7"]
[White "Ruseva, Eva"]
[Black "Szilagyi, Norbert"]
[Result "1/2-1/2"]
[WhiteElo "1591"]
[BlackElo "2069"]
[PlyCount "92"]
[EventDate "2018.08.01"]
[EventType "swiss"]
[EventRounds "9"]
[EventCountry "AUT"]
[SourceTitle "CBM 186 Extra"]
[Source "ChessBase"]
[SourceDate "2018.08.24"]
[SourceVersion "1"]
[SourceVersionDate "2018.08.24"]
[SourceQuality "1"]

1. e4 c5 2. Nf3 Nc6 3. d4 cxd4 4. Nxd4 Nf6 5. Nc3 e5 6. Ndb5 d6 7. Nd5 Nxd5 8. exd5 Ne7 9. c3 Nf5 10. Qa4 Bd7 11. Bd3 a6 12. Bxf5 Bxb5 13. Qc2 g6 14. Bd3 Bxd3 15. Qxd3 Bg7 16. Be3 f5 17. f3 0-0 18. 0-0 f4 19. Bf2 Bf6 20. c4 Rc8 21. Qe4 Rf7 22. Rfc1 Bh4 23. Bxh4 Qxh4 24. c5 dxc5 25. Qxe5 Re7 26. Qc3 Re2 27. Rf1 Qg5 28. Rf2 Rxf2 29. Kxf2 Qxd5 30. Re1 Qd4+ 31. Kf1 Qxc3 32. bxc3 Rc6 33. Re4 Rf6 34. Re7 b5 35. Rc7 c4 36. a4 Rf7 37. Rc8+ Kg7 38. axb5 axb5 39. Rb8 Rf5 40. Rb7+ Kh6 41. Ke2 Re5+ 42. Kf2 Rd5 43. g3 Rd2+ 44. Kg1 fxg3 45. hxg3 Rd3 46. Kf2 Rxc3 1/2-1/2

[Event "EU Union-ch U14 16th"]
[Site "Mureck"]
[Date "2018.08.03"]
[Round "3"]
[White "Stern, Urban"]
[Black "Szilagyi, Norbert"]
[Result "0-1"]
[WhiteElo "1675"]
[BlackElo "2069"]
[PlyCount "64"]
[EventDate "2018.08.01"]
[EventType "swiss"]
[EventRounds "9"]
[EventCountry "AUT"]
[SourceTitle "CBM 186 Extra"]
[Source "ChessBase"]
[SourceDate "2018.08.24"]
[SourceVersion "1"]
[SourceVersionDate "2018.08.24"]
[SourceQuality "1"]

1. g3 e6 2. Bg2 f5 3. d3 Nf6 4. e4 fxe4 5. dxe4 Nc6 6. Ne2 Bc5 7. h3 0-0 8. 0-0 Rb8 9. b3 b6 10. Ba3 Qe7 11. Bxc5 Qxc5 12. c3 Bb7 13. b4 Qe7 14. Qc2 Kh8 15. Nd2 a5 16. a3 Ba6 17. Rfe1 Ne5 18. f4 Nd3 19. Red1 Nxb4 20. axb4 Bxe2 21. Re1 Ba6 22. bxa5 Nh5 23. Kh2 e5 24. Qd1 g6 25. Nf3 exf4 26. g4 Ng7 27. axb6 Rxb6 28. Qd4 Bb7 29. Ra7 d6 30. e5 Bxf3 31. Bxf3 Rb2+ 32. Kh1 Qh4 0-1

[Event "EU Union-ch U14 16th"]
[Site "Mureck"]
[Date "2018.08.02"]
[Round "2"]
[White "Szilagyi, Norbert"]
[Black "Aalto, Patrik"]
[Result "1-0"]
[WhiteElo "2069"]
[BlackElo "1860"]
[PlyCount "87"]
[EventDate "2018.08.01"]
[EventType "swiss"]
[EventRounds "9"]
[EventCountry "AUT"]
[SourceTitle "CBM 186 Extra"]
[Source "ChessBase"]
[SourceDate "2018.08.24"]
[SourceVersion "1"]
[SourceVersionDate "2018.08.24"]
[SourceQuality "1"]

1. e4 c5 2. Nf3 d6 3. d4 cxd4 4. Qxd4 Nc6 5. Bb5 a6 6. Bxc6+ bxc6 7. Nc3 Rb8 8. 0-0 e5 9. Qd3 Nf6 10. Rd1 Be7 11. b3 Qa5 12. a4 0-0 13. Ba3 c5 14. h3 Be6 15. Nd2 Rbd8 16. Nc4 Qc7 17. Ne3 Qb7 18. Rab1 Rc8 19. f3 Rfd8 20. Kh2 Nh5 21. Ncd5 Bg5 22. g3 Qa7 23. c4 Rb8 24. h4 Bh6 25. Rb2 Bc8 26. a5 Qd7 27. Nf5 Kh8 28. Nb6 Qe6 29. Bxc5 Bb7 30. Nxd6 Kg8 31. Rg2 Qg6 32. Qe2 Bc6 33. Nf5 Qe6 34. Ne7+ Kh8 35. Ned5 Bd7 36. Nxd7 Qxd7 37. Bb6 Rf8 38. Nf6 Nxf6 39. Rxd7 Nxd7 40. c5 Nxb6 41. axb6 Rfd8 42. Qxa6 Ra8 43. Qxa8 Rxa8 44. b7 1-0

[Event "Zalakaros op 37th"]
[Site "Zalakaros"]
[Date "2018.05.26"]
[Round "2"]
[White "Li, Bo"]
[Black "Szilagyi, Norbert"]
[Result "1-0"]
[WhiteElo "2319"]
[BlackElo "2084"]
[PlyCount "105"]
[EventDate "2018.05.25"]
[EventType "swiss"]
[EventRounds "9"]
[EventCountry "HUN"]
[SourceTitle "CBM 184 Extra"]
[Source "ChessBase"]
[SourceDate "2018.06.28"]
[SourceVersion "1"]
[SourceVersionDate "2018.06.28"]
[SourceQuality "1"]

1. d4 e6 2. e4 b6 3. c4 Bb7 4. Nc3 Bb4 5. f3 f5 6. e5 Nc6 7. Be3 Nh6 8. Qd2 Nf7 9. f4 0-0 10. Nf3 Ne7 11. Be2 Nh6 12. a3 Bxc3 13. Qxc3 Ng4 14. Bd2 a5 15. h3 Nh6 16. b3 Ng6 17. 0-0 Qe7 18. Be3 Rfd8 19. Rfd1 Nf7 20. d5 Ba6 21. Nd4 Qe8 22. dxe6 dxe6 23. Bf3 Rac8 24. Bc6 Qe7 25. b4 Rb8 26. Bf3 Rbc8 27. b5 c5 28. Nc6 Rxc6 29. Bxc6 Bc8 30. Rxd8+ Nxd8 31. Qd2 Nf7 32. Rd1 Nf8 33. Bf2 h6 34. Qe2 Kh7 35. Qf3 Qc7 36. Ba8 Ng6 37. g3 Ne7 38. Qd3 Qb8 39. Bf3 Ng6 40. Bc6 Qc7 41. h4 Nf8 42. h5 Kg8 43. Bg2 Nd7 44. Qf3 Nb8 45. g4 fxg4 46. Qxg4 Kf8 47. Bh4 Bd7 48. Bf6 gxf6 49. exf6 Ng5 50. fxg5 e5 51. Qe4 Be6 52. gxh6 Bg8 53. Qg6 1-0

[Event "HUN-chT2 Barcza 1718"]
[Site "Hungary"]
[Date "2017.11.26"]
[Round "4.4"]
[White "Szilagyi, Norbert"]
[Black "Hevesi, Zoltan"]
[Result "1-0"]
[WhiteElo "2109"]
[BlackElo "2055"]
[PlyCount "67"]
[EventDate "2017.09.24"]
[EventType "team-tourn"]
[EventRounds "11"]
[EventCountry "HUN"]
[SourceTitle "EXT 2021"]
[Source "ChessBase"]
[SourceDate "2020.10.23"]
[SourceVersion "1"]
[SourceVersionDate "2020.10.23"]
[SourceQuality "1"]
[WhiteTeam "Debrecen Sakkiskola II"]
[BlackTeam "Mezokovesd"]
[WhiteTeamCountry "HUN"]
[BlackTeamCountry "HUN"]

1. e4 c6 2. d4 d5 3. Nd2 dxe4 4. Nxe4 Nf6 5. Ng3 b5 6. Be2 e6 7. f4 Be7 8. Nf3 0-0 9. 0-0 Qb6 10. Kh1 Na6 11. c3 c5 12. a4 b4 13. Ne5 Bb7 14. f5 Rad8 15. Nc4 Qc7 16. Bf4 Qc8 17. Ne5 exf5 18. Rc1 Qa8 19. Bf3 g6 20. Qe1 Bxf3 21. Rxf3 Rfe8 22. h3 Bf8 23. Nxf5 Nd7 24. Qg3 Nxe5 25. Bxe5 Re6 26. Qg5 Qd5 27. Nh6+ Bxh6 28. Qxh6 Rxe5 29. dxe5 Qxe5 30. Rcf1 Rf8 31. Re3 Qd6 32. Rfe1 Nc7 33. Re4 Ne6 34. Rh4 1-0

[Event "Heinola Suomi 100 ottelu Vierumaki"]
[Site "Heinola"]
[Date "2017.11.17"]
[Round "1"]
[White "Szilagyi, Norbert"]
[Black "Ranki, Martti"]
[Result "1-0"]
[WhiteElo "2068"]
[BlackElo "1949"]
[PlyCount "83"]
[EventDate "2017.11.17"]
[EventType "swiss"]
[EventRounds "3"]
[EventCountry "FIN"]
[SourceTitle "EXT 2022"]
[Source "ChessBase"]
[SourceDate "2021.10.06"]
[SourceVersion "1"]
[SourceVersionDate "2021.10.06"]
[SourceQuality "1"]

1. e4 c5 2. d4 cxd4 3. c3 dxc3 4. Nxc3 Nc6 5. Nf3 d6 6. Bc4 e6 7. 0-0 Be7 8. Qe2 a6 9. Rd1 Qc7 10. Bf4 Ne5 11. Bb3 Nf6 12. Rac1 Qb8 13. Be3 0-0 14. Na4 Ned7 15. Bb6 Bd8 16. Bxd8 Rxd8 17. e5 Ne8 18. Nc3 b5 19. exd6 Ndf6 20. Ne5 Rxd6 21. Rxd6 Nxd6 22. Nc6 Qc7 23. Nd5 Nxd5 24. Bxd5 Bb7 25. h3 Re8 26. Bf3 Nf5 27. Qd2 h6 28. Na5 Qd8 29. Qxd8 Rxd8 30. Nxb7 Rd2 31. Rb1 Nd4 32. Nc5 e5 33. Nxa6 f5 34. Bd5+ Kf8 35. Nb4 e4 36. b3 Ne2+ 37. Kf1 Nc3 38. Rc1 Nxd5 39. Ke1 Rd4 40. Rc8+ Kf7 41. Nc6 Rb4 42. Rd8 1-0

[Event "Puspokladany Arnoth Memorial 10th"]
[Site "Puspokladany"]
[Date "2017.07.27"]
[Round "2"]
[White "Balogh, David"]
[Black "Szilagyi, Norbert"]
[Result "1-0"]
[WhiteElo "2196"]
[BlackElo "1977"]
[PlyCount "101"]
[EventDate "2017.07.26"]
[EventType "swiss"]
[EventRounds "9"]
[EventCountry "HUN"]
[SourceTitle "EXT 2019"]
[Source "ChessBase"]
[SourceDate "2018.10.10"]
[SourceVersion "1"]
[SourceVersionDate "2018.10.10"]
[SourceQuality "1"]

1. d4 Nf6 2. Nc3 d5 3. Bg5 e6 4. e4 Be7 5. e5 Nfd7 6. h4 f6 7. Qh5+ g6 8. exf6 Nxf6 9. Qe2 b6 10. 0-0-0 a6 11. Nh3 Qd6 12. Bf4 Qc6 13. Ng5 h6 14. Nf3 Nbd7 15. Ne5 Nxe5 16. Bxe5 Bd7 17. g4 Rh7 18. Qd3 Kf7 19. Qf3 Rf8 20. g5 hxg5 21. hxg5 Rxh1 22. Qxh1 Nh5 23. f4 Ke8 24. Qh2 Bd6 25. Bd3 Nxf4 26. Bxa6 Qa8 27. Rf1 Bxe5 28. dxe5 d4 29. Rxf4 Rxf4 30. Qxf4 dxc3 31. Bf1 cxb2+ 32. Kxb2 Qa4 33. Qe3 Qb4+ 34. Kc1 Bc6 35. Bd3 Qa3+ 36. Kd1 Qxa2 37. Bxg6+ Ke7 38. Bd3 Qa1+ 39. Ke2 Qh1 40. Qf4 Qg2+ 41. Ke3 Qg1+ 42. Kd2 Qg2+ 43. Kc3 Qd5 44. g6 Qa5+ 45. Kb2 Bd5 46. g7 Qa2+ 47. Kc1 Qa1+ 48. Kd2 Qa5+ 49. Ke2 Qa8 50. Qf6+ Kd7 51. Qf7+ 1-0

[Event "HUN-chT U18"]
[Site "Hajduboszormeny"]
[Date "2016.11.05"]
[Round "6.44"]
[White "Pasztor, Daniel"]
[Black "Szilagyi, Norbert"]
[Result "1-0"]
[WhiteElo "1653"]
[BlackElo "1827"]
[PlyCount "139"]
[EventDate "2016.11.02"]
[EventType "team-swiss"]
[EventRounds "8"]
[EventCountry "HUN"]
[SourceTitle "CBM 175 Extra"]
[Source "ChessBase"]
[SourceDate "2016.12.12"]
[SourceVersion "1"]
[SourceVersionDate "2016.12.12"]
[SourceQuality "1"]

1. e4 c5 2. Nf3 Nc6 3. d4 cxd4 4. Nxd4 e5 5. Nb5 d6 6. N1c3 a6 7. Na3 b5 8. Nd5 Nce7 9. c4 Nxd5 10. exd5 Be7 11. cxb5 Nf6 12. bxa6 0-0 13. Bb5 Ne4 14. 0-0 f5 15. Qe2 g5 16. f3 Nc5 17. Be3 Nxa6 18. Nc4 Rb8 19. a4 Bf6 20. Qf2 Bb7 21. Rfd1 Qe7 22. Nb6 Rbd8 23. Qd2 Qg7 24. Rab1 f4 25. Bf2 g4 26. fxg4 Qxg4 27. Qe2 Qxe2 28. Bxe2 e4 29. b4 Bc3 30. Bh4 Rde8 31. b5 Nc5 32. Nc4 f3 33. gxf3 exf3 34. Bd3 Bd4+ 35. Kf1 Bxd5 36. Bxh7+ Kxh7 37. Rxd4 Be4 38. Rb2 Bd3+ 39. Rxd3 Nxd3 40. Rd2 f2 41. Bxf2 Re1+ 42. Kg2 Rg8+ 43. Bg3 Nc5 44. a5 Rb1 45. Nxd6 Nb3 46. Ra2 Ra8 47. a6 Nd4 48. Ra5 Rb2+ 49. Kh3 Kg6 50. a7 Nb3 51. Ra6 Nc5 52. Rb6 Rxa7 53. Nc8+ Kg5 54. Nxa7 Rb3 55. Rb8 Nd3 56. Rg8+ Kh5 57. Rh8+ Kg5 58. Bh4+ Kf5 59. Rf8+ Ke6 60. Bg3 Nc5 61. Kg4 Ke7 62. Rf5 Ne6 63. h4 Nd4 64. Nc6+ Nxc6 65. bxc6 Rc3 66. c7 Rc4+ 67. Kg5 Rc3 68. Kg4 Rc4+ 69. Rf4 Rxc7 70. Re4+ 1-0

[Event "HUN-chT U18"]
[Site "Hajduboszormeny"]
[Date "2016.11.04"]
[Round "4.56"]
[White "Szilagyi, Norbert"]
[Black "Gocza, Adam"]
[Result "1/2-1/2"]
[WhiteElo "1827"]
[BlackElo "1853"]
[PlyCount "41"]
[EventDate "2016.11.02"]
[EventType "team-swiss"]
[EventRounds "8"]
[EventCountry "HUN"]
[SourceTitle "CBM 175 Extra"]
[Source "ChessBase"]
[SourceDate "2016.12.12"]
[SourceVersion "1"]
[SourceVersionDate "2016.12.12"]
[SourceQuality "1"]

1. e4 c6 2. d4 d5 3. exd5 cxd5 4. c4 Nf6 5. Nc3 Nc6 6. Nf3 Bg4 7. Be3 e6 8. c5 Qd7 9. Be2 Bxf3 10. Bxf3 Be7 11. 0-0 0-0 12. Qd2 Bd8 13. Rad1 b6 14. a3 Ne7 15. b4 Nf5 16. b5 Nxe3 17. fxe3 Be7 18. c6 Qc7 19. a4 Bb4 20. Qc2 a5 21. g3 1/2-1/2

[Event "HUN-ch U12"]
[Site "Balatonlelle"]
[Date "2016.06.26"]
[Round "4"]
[White "Gombocz, Ferenc Jr"]
[Black "Szilagyi, Norbert"]
[Result "1/2-1/2"]
[WhiteElo "1872"]
[BlackElo "1767"]
[PlyCount "61"]
[EventDate "2016.06.24"]
[EventType "swiss"]
[EventRounds "9"]
[EventCountry "HUN"]
[SourceTitle "CBM 173 Extra"]
[Source "ChessBase"]
[SourceDate "2016.08.29"]
[SourceVersion "1"]
[SourceVersionDate "2016.08.29"]
[SourceQuality "1"]

1. d4 c5 2. d5 Nf6 3. Nc3 d6 4. e4 g6 5. Nf3 Bg7 6. Bb5+ Bd7 7. a4 0-0 8. 0-0 Bg4 9. Re1 Nbd7 10. h3 Bxf3 11. Qxf3 Ne5 12. Qe3 a6 13. Bf1 Ne8 14. Kh1 e6 15. f4 exd5 16. exd5 Ng4 17. Qe7 Nh6 18. Qxd8 Rxd8 19. Re7 Nf5 20. Re1 Nd4 21. Rb1 Nxc2 22. Re7 Nf6 23. Rxb7 Nb4 24. Bd2 Rfe8 25. Kh2 h5 26. Rb6 a5 27. Rb7 Rb8 28. Ra7 Ra8 29. Rb7 Rab8 30. Ra7 Ra8 31. Rc7 1/2-1/2

[Event "HUN-ch U12"]
[Site "Balatonlelle"]
[Date "2016.06.25"]
[Round "3"]
[White "Losonczi, Marcell"]
[Black "Szilagyi, Norbert"]
[Result "1/2-1/2"]
[WhiteElo "1924"]
[BlackElo "1767"]
[PlyCount "94"]
[EventDate "2016.06.24"]
[EventType "swiss"]
[EventRounds "9"]
[EventCountry "HUN"]
[SourceTitle "CBM 173 Extra"]
[Source "ChessBase"]
[SourceDate "2016.08.29"]
[SourceVersion "1"]
[SourceVersionDate "2016.08.29"]
[SourceQuality "1"]

1. e4 c5 2. Nf3 Nc6 3. Nc3 e6 4. Be2 Nf6 5. 0-0 Be7 6. d4 cxd4 7. Nxd4 Qc7 8. Be3 0-0 9. a3 a6 10. f4 d5 11. Nxc6 bxc6 12. Bf3 Rd8 13. e5 Ne8 14. Ne2 Rb8 15. b4 a5 16. c3 Ba6 17. Qa4 c5 18. bxc5 Bxc5 19. Bd4 Rb2 20. Rfe1 Bxe2 21. Rxe2 Bxd4+ 22. cxd4 Rxe2 23. Bxe2 Qc3 24. Rf1 Qd2 25. Rf2 Qe1+ 26. Bf1 g6 27. Qc2 Ng7 28. Qd2 Qxd2 29. Rxd2 Rc8 30. Kf2 Rc3 31. a4 Nf5 32. g4 Ne3 33. Be2 Ra3 34. Rb2 Nc4 35. Rb8+ Kg7 36. f5 gxf5 37. gxf5 exf5 38. Bf3 Rd3 39. Rb7 Rxd4 40. e6 Nd6 41. Rd7 Kf6 42. Rxd6 fxe6 43. Ra6 Rxa4 44. Bxd5 Ke5 45. Bxe6 Rh4 46. Kg3 Rg4+ 47. Kf3 Rh4 1/2-1/2

[Event "HUN-chT2 Barcza 1516"]
[Site "Hungary"]
[Date "2016.03.20"]
[Round "9.11"]
[White "Szilagyi, Norbert"]
[Black "Gyorfi, Peter"]
[Result "1-0"]
[WhiteElo "1739"]
[BlackElo "1360"]
[PlyCount "51"]
[EventDate "2015.09.13"]
[EventType "team-tourn"]
[EventRounds "11"]
[EventCountry "HUN"]
[SourceTitle "EXT 2017"]
[Source "ChessBase"]
[SourceDate "2016.10.25"]
[SourceVersion "1"]
[SourceVersionDate "2016.10.25"]
[SourceQuality "1"]
[WhiteTeam "Kwizda Sakkiskola"]
[BlackTeam "Nadudvar"]
[WhiteTeamCountry "HUN"]
[BlackTeamCountry "HUN"]

1. e4 e5 2. Nc3 Nf6 3. f4 d6 4. Nf3 Bg4 5. Bc4 Nbd7 6. 0-0 Be7 7. h3 Bxf3 8. Qxf3 c6 9. f5 Nb6 10. Bb3 d5 11. d3 Bc5+ 12. Kh1 0-0 13. Bg5 dxe4 14. Nxe4 Be7 15. Bxf6 Bxf6 16. g4 Nd7 17. Rg1 Bg5 18. Raf1 Bf4 19. g5 Kh8 20. h4 h6 21. Qh5 Qe7 22. gxh6 Bxh6 23. f6 Nxf6 24. Rxf6 g6 25. Qxh6+ Kg8 26. Rfxg6# 1-0

[Event "HUN-ch U12"]
[Site "Balatonlelle"]
[Date "2015.06.21"]
[Round "5"]
[White "Baski, Barnabas"]
[Black "Szilagyi, Norbert"]
[Result "0-1"]
[WhiteElo "1419"]
[BlackElo "1634"]
[PlyCount "88"]
[EventDate "2015.06.18"]
[EventType "swiss"]
[EventRounds "9"]
[EventCountry "HUN"]
[SourceTitle "CBM 167 Extra"]
[Source "ChessBase"]
[SourceDate "2015.09.14"]
[SourceVersion "1"]
[SourceVersionDate "2015.09.14"]
[SourceQuality "1"]

1. e4 c5 2. d4 cxd4 3. c3 dxc3 4. Nxc3 Nc6 5. Nf3 e6 6. Bc4 Qc7 7. Qe2 d6 8. 0-0 Nf6 9. Rd1 a6 10. Be3 Be7 11. Rac1 0-0 12. Nd4 Rd8 13. Rd2 Bd7 14. Nxc6 Bxc6 15. f3 b5 16. Bb3 Qb7 17. Bg5 Rac8 18. Rcd1 Qa7+ 19. Kh1 Qc7 20. Qe3 h6 21. Bxf6 Bxf6 22. Ne2 a5 23. a3 Qb7 24. Rxd6 Rxd6 25. Rxd6 Bxb2 26. Ba2 Qe7 27. Rd3 b4 28. axb4 axb4 29. Rb3 Ba3 30. Nd4 Bxe4 31. h3 Bd5 32. Rxa3 bxa3 33. Bxd5 Qb4 34. Bb3 Rc3 35. Qe4 Rxb3 36. Nxb3 Qxb3 37. Qa8+ Kh7 38. Qe4+ g6 39. Qf4 Qb1+ 40. Kh2 Qf5 41. Qa4 Qe5+ 42. f4 Qb2 43. Qd7 Kg7 44. f5 exf5 0-1

[Event "HUN-ch U12"]
[Site "Balatonlelle"]
[Date "2015.06.19"]
[Round "2"]
[White "Krstulovic, Alex"]
[Black "Szilagyi, Norbert"]
[Result "1-0"]
[WhiteElo "2210"]
[BlackElo "1634"]
[PlyCount "93"]
[EventDate "2015.06.18"]
[EventType "swiss"]
[EventRounds "9"]
[EventCountry "HUN"]
[SourceTitle "CBM 167 Extra"]
[Source "ChessBase"]
[SourceDate "2015.09.14"]
[SourceVersion "1"]
[SourceVersionDate "2015.09.14"]
[SourceQuality "1"]

1. d4 Nf6 2. c4 c5 3. d5 g6 4. Nc3 d6 5. e4 Bg7 6. Be2 0-0 7. Bg5 Nbd7 8. Qd2 Qb6 9. Nf3 h6 10. Bf4 g5 11. Bg3 Nh5 12. Bd3 Nxg3 13. hxg3 g4 14. Nh4 Ne5 15. b3 Qb4 16. Rc1 Bd7 17. Be2 a5 18. Nf5 Bxf5 19. exf5 Qb6 20. f4 gxf3 21. gxf3 f6 22. f4 Nf7 23. Kf2 Qc7 24. g4 b6 25. Bd3 Rfb8 26. Qe2 Kf8 27. Rce1 Rb7 28. a4 Qd7 29. Ne4 Rc8 30. Qf3 Rbb8 31. Rh5 Rc7 32. Kg2 Rcb7 33. Kh1 Rc7 34. Bf1 Rcb7 35. Bh3 Qd8 36. Re2 Ra7 37. Qg2 Rbb7 38. g5 fxg5 39. fxg5 hxg5 40. Nxg5 Nxg5 41. Rxg5 e6 42. f6 exd5 43. fxg7+ Rxg7 44. Rf2+ Kg8 45. Be6+ Kh8 46. Rff5 dxc4 47. Qb2 1-0